000 00458nam a22001697a 4500
003 OSt
005 20260123062121.0
008 260123b |||||||| |||| 00| 0 eng d
020 _a978-1-4424-1721-2
040 _aDWCL-Main
_cOC
082 _aFic. N333p 2009
100 _aNaylor, Phyllis Reynolds
245 _aPlease don't be true
260 _aNew York :
_bAtheneum books for young readers,
_c c2009
300 _a734 p. :
_c21 cm.
942 _2ddc
_cFIC.
_n0
999 _c7750
_d7750